000 00987nam a22002057a 4500
999 _c56862
_d56862
003 Ge_BSU
005 20210419165812.0
008 190517c2019 ge ||||| |||| 00| 0 geo d
022 _a15120880
041 _ageo
080 _a
245 _aსაქართველოს ბიბლიოთეკა :
_b2019. სამეცნიერო-პოპულარული და მეთოდური ჟურნალი /
_cმთ. რედ.: ა. ლორია.
260 _aთბილისი :
_bსაქართველოს პარლამენტის ეროვნული ბიბლიოთეკა,
_c2000 -
300 _aV.
653 _aბიბლიოთეკა
653 _aსაქართვეკლოს ბიბლიოთეკა
653 _aპერიოდიკა
700 _aლორია ალექსანდრე
_eმთავარი რედაქტორი
_91341
942 _2udc
_cCR